000 01108nam a22002537a 4500
005 20160212140028.0
008 150826b2014 ck |||||r||||f00| 0 spa d
020 _a9789585829671
040 _aCO-BoIAVH
_cCO-BoIAVH
041 0 _aspa
044 _ack
082 0 4 _a598.0222
_bP34g
100 1 _aPeña Restrepo, Manuel
245 1 _aGuía ilustrada aves cañon del río Porce, Antioquia /
_cManuel José Peña Restrepo y Zayda Tatiana Quirama Quintero
260 _aMedellín (Colombia):
_bEPM,
_bUniversidad de Antioquia,
_bHerbario Universidad de Antioquia,
_c2014.
300 _a270 páginas :
_bilustraciones, fotografías a color ;
_c24 x 16 cm.
500 _aIncluye índice de nombres científicos y nombres comunes. Incluye glosario.
504 _aIncluye referencias bibliográficas (Páginas 262-263).
650 6 _aAves
_vGuía
_xEspecies
_zAntioquia (Colombia)
650 6 _aAves
_vGuía
_xDistribución
_zAntioquia (Colombia)
650 6 _aAves
_vGuía
_xHábitat
_zAntioquia (Colombia)
700 1 _aQuirama Quintero, Zayda Tatiana
942 _2ddc
_cLIBRO
999 _c17719
_d17719